000 00267nam a2200121 i 4500
001 bg
245 0 _aTerminologia gospodarki magazynowej.
260 _aPoznaƄ,
_c1975.
040 _cBPK
041 _apol
942 _cKS
008 s pl f |000 0 pol
999 _c16704
_d16704
856 _uhttp://koha.tu.koszalin.pl/cgi-bin/koha/opac-detail.pl?biblionumber=16704
_yKatalog online BPK